000 00692nam a2200181Ia 4500
008 090124s9999 xx 000 0 und d
082 _b102048
100 _aआपटे गुरुजी ( आपटे पांडुरंग श्रीधर )
245 _a कुटुंब - रंजन
250 _a1
260 _c1946
300 _a15
600 _aआपटे गुरुजी ( आपटे पांडुरंग श्रीधर )
630 _a कुटुंब - रंजन
700 _aआपटे गुरुजी ( आपटे पांडुरंग श्रीधर )
730 _a कुटुंब - रंजन
942 _cBOOK
999 _c148140
_d148140